TOP 10 DES ANIMAUX LES PLUS DANGEREUX POUR L HOMME - Statistiques

Statistiques générales
  • Ce quiz a été pris 4 975 fois
  • Le résultat moyen est 5 sur 10
Statistiques - réponses
Classement Réponses % Correct
7 LION
87%
10 REQUIN
79%
2 SERPENT
74%
1 MOUSTIQUE
66%
5 ELEPHANT
55%
4 CROCODILE
54%
8 HIPPOPOTAME
53%
3 SCORPION
28%
9 MEDUSE
22%
6 ABEILLE
17%
Aucun quiz correspondant
Distribution des résultats
% des personnes avec chaque résultat
Percentile par nombre de réponses
Votre historique - résultats
Vous n’avez pas pris ce quiz